Old Names of Capital Cities - Statistics

General Stats
  • This quiz has been taken 13 times
  • The average score is 6 of 16
Answer Stats
Capital Former Name % Correct
Tokyo Edo
92%
Kinshasa Léopoldville
92%
London Londinium
85%
Jakarta Batavia
69%
Astana Tselinograd
69%
Oslo Kristiania
62%
Harare Salisbury
38%
Maputo Lourenço Marques
23%
Tallinn Reval
23%
Dushanbe Stalinabad
23%
Bishkek Frunze
8%
Banjul Bathurst
0%
Washington, D.C. Carrollsburg
0%
Nassau Charles Town
0%
Seoul Keijō
0%
Ulaanbaatar Urga
0%
No matching quizzes found
Score Distribution
Percent of People with Each Score
Percentile by Number Answered
Your Score History
You have not taken this quiz